00335nam a2200121 a 450008200130000010000180001324500670003126000390009830000100013750000350014765000130018270000180019500a230bVAN aVanlalauva, H aMethodological Issues in Theological Research : An Exploration aWest Bengal, India bSATHRI c2013 a345p  aincludes index and biblioraphy aTheology1 aVanlalauva, H